Cấu tạo hệ thống truyền lực ô tô con Hệ thống truyền lực hiện đại, hệ thống truyền lực điều khiển tự động ( AT), hệ thống truyền lực ô tô cầu chủ động (4WD, AWD)

Spremljeno u:
Bibliografski detalji
Glavni autor: Nguyễn Khắc Trai
Format: Knjiga
Jezik:Undetermined
Izdano: H. KHKT 2001
Teme:
Oznake: Dodaj oznaku
Bez oznaka, Budi prvi tko označuje ovaj zapis!
Thư viện lưu trữ: Trung tâm Học liệu Trường Đại học Cần Thơ
LEADER 00786nam a2200193Ia 4500
001 CTU_52043
008 210402s9999 xx 000 0 und d
082 |a 629.244 
082 |b Tr103 
100 |a Nguyễn Khắc Trai 
245 0 |a Cấu tạo hệ thống truyền lực ô tô con 
245 0 |b Hệ thống truyền lực hiện đại, hệ thống truyền lực điều khiển tự động ( AT), hệ thống truyền lực ô tô cầu chủ động (4WD, AWD) 
245 0 |c Nguyễn Khắc Trai 
260 |a H. 
260 |b KHKT 
260 |c 2001 
650 |a automobiles,Automobiles 
650 |x transmission devices,Motors ( Two-stroked cycle) 
980 |a Trung tâm Học liệu Trường Đại học Cần Thơ